000 00332nam a22001217a 4500
003 OSt
005 20250702113439.0
008 250702b |||||||| |||| 00| 0 eng d
040 _aDLC
_beng
_cDLC
082 _a363.73874
245 _aImpacts of Climate Change and Variability on Pastoralist Women in Sub-Saharan Africa
942 _2ddc
_cBK
999 _c4110
_d4110